Regulation of banks and other depository institutions in Malaysia : (Record no. 613814)

000 -LEADER
fixed length control field 01005nam a2200265 a 4500
001 - CONTROL NUMBER
control field 3466442
005 - DATE AND TIME OF LATEST TRANSACTION
control field 20250529121001.0
008 - FIXED-LENGTH DATA ELEMENTS--GENERAL INFORMATION
fixed length control field 920930s1992 si b 001 0 eng
010 ## - LIBRARY OF CONGRESS CONTROL NUMBER
LC control number 92945356
020 ## - INTERNATIONAL STANDARD BOOK NUMBER
International Standard Book Number 0409996017 (U.S.)
040 ## - CATALOGING SOURCE
Original cataloging agency DLC
Transcribing agency DLC
043 ## - GEOGRAPHIC AREA CODE
Geographic area code a-my---
050 00 - LIBRARY OF CONGRESS CALL NUMBER
Classification number KPG885
Item number .L44 1992
082 00 - DEWEY DECIMAL CLASSIFICATION NUMBER
Classification number 346.595082
Author Mark LOC
100 1# - MAIN ENTRY--PERSONAL NAME
Personal name Lee, Hock Lock.
9 (RLIN) 129070
245 10 - TITLE STATEMENT
Title Regulation of banks and other depository institutions in Malaysia :
Remainder of title a study in monetary, prudential, and other controls /
Statement of responsibility, etc. Lee Hock Lock.
260 ## - PUBLICATION, DISTRIBUTION, ETC.
Place of publication, distribution, etc. Singapore ;
-- Austin, Tex. :
Name of publisher, distributor, etc. Butterworths,
Date of publication, distribution, etc. c1992.
300 ## - PHYSICAL DESCRIPTION
Extent xi, 385 p. ;
Dimensions 26 cm.
504 ## - BIBLIOGRAPHY, ETC. NOTE
Bibliography, etc. note Includes bibliographical references (p. 354-369) and index.
650 #0 - SUBJECT ADDED ENTRY--TOPICAL TERM
Topical term or geographic name entry element Banking law
Geographic subdivision Malaysia.
9 (RLIN) 129071
650 #0 - SUBJECT ADDED ENTRY--TOPICAL TERM
Topical term or geographic name entry element Financial institutions
General subdivision Law and legislation
Geographic subdivision Malaysia.
9 (RLIN) 129072
906 ## - LOCAL DATA ELEMENT F, LDF (RLIN)
a 7
b cbc
c orignew
d 3
e ncip
f 19
g y-gencatlg
942 ## - ADDED ENTRY ELEMENTS (KOHA)
Source of classification or shelving scheme
Koha item type Book
Holdings
Withdrawn status Lost status Source of classification or shelving scheme Damaged status Not for loan Permanent Location Current Location Date acquired Total Checkouts Full call number Barcode Date last seen Price effective from Koha item type
          NUST Law School (NLS) NUST Law School (NLS) 05/29/2025   346.595082 LOC NLSD-130 05/29/2025 05/29/2025 Book
© 2023 Central Library, National University of Sciences and Technology. All Rights Reserved.